| 000 | 01527cab a2200241 4500 | ||
|---|---|---|---|
| 001 | ABS68829 | ||
| 008 | 050315n2005 000 0 eng u | ||
| 035 | _a(Sirsi) u129053 | ||
| 100 | _aCross, M. | ||
| 245 | 4 | _aThe management of large-scale remediation schemes with consideration to environmental management systems and sustainability | |
| 260 | _c2005 | ||
| 490 |
_aCivil Engineering Surveyor _vMarch 2005, 26-29(4) |
||
| 520 | _aConsiders the implementation of waste minimisation methodologies for large scale remediation schemes, with cognisance of the best practicable environmental option for techniques employed on the scheme and driven by the introduction of environmental management systems for remediation schemes. Reviews the innovative solutions for reuse of remediation site materials developed over the last decade. Provides a range of case studies using alternative remedial solutions but concludes that on site reuse or minimisation of waste is not always driven by the remediation strategy/engineer but is usually based upon the most cost effective approach and client requirements. Offers a series of recommendations for remediation strategies. Presents a flowchart of alternative remedial solutions. | ||
| 590 | _aABS | ||
| 650 | _aREMEDIATION | ||
| 650 | _aWASTE MINIMISATION | ||
| 650 | _aCONTAMINATED LAND | ||
| 650 | _aREMEDIAL METHODS | ||
| 650 | _aENVIRONMENTAL MANAGEMENT SYSTEMS | ||
| 650 | _aBEST PRACTICAL ENVIRONMENTAL OPTION | ||
| 690 | _aENVIRONMENT-CONTAMINATION | ||
| 942 | _n0 | ||
| 999 |
_c74920 _d74920 |
||